| 000 | 01304cam a22003374a 4500 | ||
|---|---|---|---|
| 001 | 1895 | ||
| 003 | FISKH | ||
| 005 | 20231009093325.0 | ||
| 008 | 050708s2006 nyua j 001 0 eng | ||
| 010 | _a 2005019649 | ||
| 020 | _a9780516298122 | ||
| 035 | _a(OCoLC)ocm60839427 | ||
| 040 |
_aDLC _cDLC _dIG# _dBAKER _dDLC _beng |
||
| 042 | _apcc | ||
| 050 | 0 | 0 |
_aQA465 _b.S27 2006 |
| 082 | 0 | 0 |
_a530.8 _222 |
| 100 | 1 |
_aSargent, Brian, _d1969- |
|
| 245 | 1 | 0 |
_aHow much does it hold? / _cby Brian Sargent. |
| 260 |
_aNew York : _bScholastic, _c2006. |
||
| 300 |
_a31 pages : _bcolor illustrations ; _c18 cm. |
||
| 440 | 0 | _aRookie read-about math | |
| 505 | _aH | ||
| 520 | _aThe popular Rookie Books expand their horizons - to all corners of the globe! With this series all about geography, emergent readers will take off on adventures to cities, nations, waterways, and habitats around the world...and right in their own backyards. | ||
| 521 | 8 |
_a430
_bLexile |
|
| 521 | 8 |
_aH
_bRaz-Plus |
|
| 650 | 0 |
_aVolume (Cubic content) _vJuvenile literature. |
|
| 650 | 0 |
_aMeasurement _vJuvenile literature. |
|
| 906 |
_a7 _bcbc _corignew _d1 _eecip _f20 _gy-gencatlg |
||
| 942 |
_2ddc _cBK _n0 |
||
| 999 |
_c1895 _d1895 |
||